000
00273nam a22001097a 4500
008
140204t xxu||||| |||| 00| 0 eng d
020
_a
0-85404-645-3
100
_a
J R Hanson
_9
634
245
_a
Chemistry and Medicines
_b
An Introductory text
300
_a
156
942
_2
ddc
_c
BK
999
_c
16896
_d
16896